Statistiques concernant Super Mario Odyssey- Pays de la Forêt

Cliquez ici pour prendre le quiz!

Statistiques générales

  • Ce quiz a été pris 4 fois
  • Le résultat moyen est 4 sur 7

Statistiques - réponses

Aperçu régionalRéponses% Correct
MonnaieBoulon
75%
IndustrieFleurs
75%
TempératureMoyenne de 28°C
75%
TailleVaste
50%
PopulationAutomates
25%
HabitantsJardiens
25%
Profond
25%

Distribution des résultats

Percentile par nombre de réponses

% des personnes avec chaque résultat

Votre développement - résultats

Vous n’avez pas pris ce quiz